Salvaje /

Guardado en:
Autor Principal: Mello, Roger
Otros Autores: Jiménez Rioja, Alberto
Formato: Libro
Publicado: Buenos Aires : Continente, 2015
Materias:
Etiquetas: Agregar Etiqueta
Sin Etiquetas, Sea el primero en etiquetar este registro!
LEADER 00769nam a22002535a 4500
001 CEM.cems015289
005 20191106153229.0
008 130507s2015##################000#0#####d
003 CEMS
020 |a 9789507545429 
082 0 4 |a B868.4 
100 1 |a Mello, Roger 
245 1 0 |a Salvaje /  |c Roger Mello ; traducido Por Alberto Jiménez Rioja 
260 |a Buenos Aires :  |b Continente,  |c 2015 
300 |a 40 p. 
500 |a Título original: Selvagem 
653 |a Literatura 
653 |a Literatura brasilera 
653 |a Literatura infantil 
653 |a Cuentos infantiles 
653 |a Colección ciencias de la educación 
653 |a Libro Álbum 
700 1 |a Jiménez Rioja, Alberto 
859 |a CEMS  |b BIB. CEMS - Ccias. Educacion  |h B868.4  |i M489  |k CE  |p 28552.19  |t Ej.1